| 000 | 01203cam0 2200301 ib4500 | ||
|---|---|---|---|
| 001 | BY-MI0013br4494111 | ||
| 005 | 20221006094435.0 | ||
| 010 |
^a978-3-19-569600-5 ^bв переплете |
||
| 100 | ^a20221006d2020 u y0bely50 ca | ||
| 101 | 0 | ^ager | |
| 102 | ^aDE | ||
| 105 | ^ay z 000 y | ||
| 109 |
^ama ^aga |
||
| 200 | 1 |
^aMats und die Wundersteine ^eeine Geschichte - zwei Enden ^dМатс и волшебные камни ^eистория с двумя концами ^fMarcus Pfister |
|
| 210 |
^aMünchen ^cNordSud ^cbi:libri ^d2020 |
||
| 215 |
^a32 s. ^cil. |
||
| 300 | ^aТекст на немецком и русском языках | ||
| 606 |
^aКНИГИ ДЛЯ ЧТЕНИЯ ^3BY-NLB-ar1689717 ^2DVNLB |
||
| 606 |
^aНЕМЕЦКИЙ ЯЗЫК ^3BY-NLB-ar20316 ^2DVNLB |
||
| 608 |
^aДЕТСКАЯ И ЮНОШЕСКАЯ ЛИТЕРАТУРА (художеств. произведение) ^3BY-NLB-ar9019 ^2BYGNR |
||
| 686 |
^a84(4Шва) ^2rubbk |
||
| 690 |
^a1 ^xRSEK ^2Base ^9BY-MI0013 |
||
| 700 | 1 |
^aPfister ^bM. ^gMarcus ^4070 ^4440 |
|
| 801 | 0 |
^aBY ^bBY-MI0013 ^c20221006 ^gRCR |
|
| 035 | ^a(BY-MI0013)BY-MI0013br4494111 | ||
| 899 | 0 |
^aBY-MI0013 ^h84(4Шва) |
|